Introduction to semiconductor materials and devices (Record no. 23741)
[ view plain ]
| 000 -LEADER | |
|---|---|
| fixed length control field | 00308nam a2200133Ia 4500 |
| 082 ## - DEWEY DECIMAL CLASSIFICATION NUMBER | |
| Classification number | 621.38152 |
| Item number | TYA |
| 100 ## - MAIN ENTRY--PERSONAL NAME | |
| Personal name | Tyagi/M.S |
| 245 ## - TITLE STATEMENT | |
| Title | Introduction to semiconductor materials and devices |
| 260 ## - PUBLICATION, DISTRIBUTION, ETC. | |
| Name of publisher, distributor, etc. | Wiley India |
| Date of publication, distribution, etc. | 2005 |
| 300 ## - PHYSICAL DESCRIPTION | |
| Extent | 669 |
| 546 ## - LANGUAGE NOTE | |
| Language note | ENGLISH |
| -- | PAMPHALETS |
| 942 ## - ADDED ENTRY ELEMENTS (KOHA) | |
| Koha item type | BOOK |
| Withdrawn status | Lost status | Damaged status | Not for loan | Collection | Home library | Current library | Date acquired | Source of acquisition | Cost, normal purchase price | Inventory number | Total Checkouts | Full call number | Barcode | Date last seen | Cost, replacement price | Price effective from | Koha item type | Date due | Date last checked out |
|---|---|---|---|---|---|---|---|---|---|---|---|---|---|---|---|---|---|---|---|
| CRC | Fr. Agnel's C.Rodrigues College of Engineering | Fr. Agnel's C.Rodrigues College of Engineering | 17/03/2023 | Jayesh Book Agency | 539.00 | 2383 dt 11/10/2012 | 621.38152 TYA | 22343 | 17/03/2023 | 539.00 | BOOK | ||||||||
| CRC | Fr. Agnel's C.Rodrigues College of Engineering | Fr. Agnel's C.Rodrigues College of Engineering | 17/03/2023 | Jayesh Book Agency | 539.00 | 2383 dt 11/10/2012 | 621.38152 TYA | 22345 | 17/03/2023 | 539.00 | BOOK | ||||||||
| CRC | Fr. Agnel's C.Rodrigues College of Engineering | Fr. Agnel's C.Rodrigues- College of Engineering | 17/03/2023 | Jayesh Book Agency | 539.00 | 2383 dt 11/10/2012 | 1 | 621.38152 TYA | 22344 | 12/06/2023 | 539.00 | BOOK | 22/09/2014 | 12/06/2023 |